|
|
|
|
| LEADER |
00959nam a22002417a 4500 |
| 001 |
37946 |
| 003 |
BD-DhAAL |
| 008 |
220308t2003 bg ||||| |||| 00| 0 ben d |
| 999 |
|
|
|c 43711
|d 43711
|
| 020 |
|
|
|a 9848820268
|
| 040 |
|
|
|a BD-DhAAL
|
| 082 |
|
|
|a 891.443
|2 23
|
| 100 |
|
|
|a নাসরিন, তসলিমা
|9 46637
|
| 245 |
|
|
|a ক /
|c তসলিমা নাসরিন
|
| 300 |
|
|
|a ৪১৫ পৃষ্ঠা ;
|c ২২ সে.মি.
|
| 541 |
|
|
|a Donated by Akbar Ali Khan
|e 37946
|
| 600 |
|
|
|a Nāsarina, Tasalimā.
|9 46638
|
| 650 |
|
|
|a Bengali fiction.
|9 46639
|
| 650 |
|
|
|a Authors, Bengali
|z Bangladesh
|v Biography.
|9 46640
|
| 650 |
|
|
|a Women authors, Bengali
|z Bangladesh
|v Biography.
|9 46641
|
| 852 |
|
|
|a Ayesha Abed Library
|c Akbar Ali Khan Collection
|
| 942 |
|
|
|2 ddc
|c BK
|
| 952 |
|
|
|0 0
|1 0
|2 ddc
|4 0
|6 891_443000000000000_NAS
|7 1
|9 70052
|a BRACUL
|b BRACUL
|c AAKC
|d 2022-03-08
|e Donated by Akbar Ali Khan
|l 0
|o 891.443 NAS
|p 3010037946
|r 2022-03-08
|t 1
|w 2022-03-08
|y BK
|